[Event "World Cities-ch 2nd"]
[Site "Shenyang"]
[Date "1999.10.07"]
[Round "7"]
[White "Kang Chuanqi"]
[Black "Irzhanov, Ruslan"]
[Result "1/2-1/2"]
[WhiteElo "2311"]
[BlackElo "2536"]

1.e4 g6 2.d4 Bg7 3.Nc3 d6 4.Be3 Nc6 5.Bc4 e5 6.Nge2 Nf6 7.f3 O-O 8.Qd2 Na5
9.Qd3 exd4 10.Bxd4 c5 11.Bf2 Nd7 12.Bd5 Ne5 13.Qd1 Nec4 14.b3 Nb6 15.O-O Nxd5
16.exd5 b6 17.Qd2 Nb7 18.Rad1 Re8 19.Rfe1 h6 20.Ng3 Rxe1+ 21.Rxe1 Bd7 22.a4 a6
23.Qd3 Kh7 24.Nf1 Bf5 25.Ne4 Qd7 26.g4 Bxe4 27.Qxe4 Bf6 28.Kg2 b5 29.h4 Kg7
30.Nh2 c4 31.axb5 cxb3 32.bxa6 Rxa6 33.g5 hxg5 34.hxg5 Bxg5 35.Bd4+ Kf8 36.cxb3 Nc5
37.Qc2 Qe7 38.Qf2 Bh4 39.Rxe7 Bxf2 40.Bxc5 Bxc5 41.Rb7 Ra2+ 42.Kg3 f5 43.f4 Bf2+
44.Kh3 Be3 45.Kg3 Bf2+ 46.Kh3  1/2-1/2

[Event "World Cities-ch 2nd"]
[Site "Shenyang"]
[Date "1999.10.08"]
[Round "9"]
[White "Gschwendtner, Klaus"]
[Black "Wu Wenjin"]
[Result "1/2-1/2"]
[WhiteElo "2144"]
[BlackElo "2435"]

1.e4 g6 2.d4 Bg7 3.Nc3 d6 4.Be2 a6 5.a4 b6 6.Nf3 Bb7 7.O-O c5 8.Be3 Nd7 9.h3 cxd4
10.Bxd4 Ngf6 11.Bc4 O-O 12.Bd5 Nxd5 13.Bxg7 Ne3 14.Qd3 Nxf1 15.Bxf8 Qxf8
16.Rxf1 Rc8 17.Qe3 Qg7 18.a5 bxa5 19.Ra1 Rc5 20.Nd2 Ne5 21.f4 Nc4 22.Nxc4 Rxc4
23.Rxa5 Qd4 24.Kf2 e5 25.fxe5 dxe5 26.Ra1 Qd8 27.g3 Kg7 28.Re1 Rd4 29.Kg1 h6
30.Re2 Qb6 31.b3 Qd6 32.Kh2 h5 33.Rf2 Qe6 34.Re2 Bc8 35.h4 Qh3+ 36.Kg1 Bb7
37.Rh2 Qd7 38.Re2 f6 39.Kh2 Qd8 40.Rf2 Qd6 41.Re2 Qd7 42.Rf2 Qg4 43.Rd2 Bc8
44.Re2 Be6 45.Kg1 g5 46.hxg5 fxg5 47.Rg2 Bf7 48.Qe2 Qe6 49.Qe3 Kh6 50.Rf2 Bg6
51.Qf3 Qd6 52.Qf6 Qxf6 53.Rxf6 h4 54.gxh4 gxh4 55.Re6 Rd2 56.Nd5 Kg5 57.Rxe5+ Kg4
58.Re6 Bf7 59.Rxa6 h3  1/2-1/2

[Event "SLO-ch (Women)"]
[Site "Kranj"]
[Date "1999.10.09"]
[Round "8"]
[White "Grosar, Kiti"]
[Black "Petek, Francka"]
[Result "1-0"]
[WhiteElo "2234"]
[BlackElo "2055"]

1.e4 d6 2.d4 g6 3.Nc3 Bg7 4.Be3 Nf6 5.f3 O-O 6.Qd2 e5 7.d5 Nbd7 8.O-O-O a6
9.Bh6 b5 10.g4 Nb6 11.h4 b4 12.Nb1 Bxg4 13.Bxg7 Kxg7 14.fxg4 Nxe4 15.Qg2 Nc5
16.Ne2 Nc4 17.Rh3 Qf6 18.g5 Qe7 19.Ng3 Nb6 20.Nd2 c6 21.dxc6 d5 22.Be2 Rac8
23.h5 Rxc6 24.Rdh1 Rh8 25.hxg6 fxg6 26.Rh6 Qc7 27.Kb1 Nca4 28.Bd3 e4 29.Ngxe4 Qe5
30.c3 bxc3 31.Nxc3 Nxc3+ 32.bxc3 Qxc3 33.Qh3 Kf8 34.Qe3 Qb4+ 35.Nb3 Rc7 36.Rxg6 Na4
37.Rf1+ Rf7 38.Rxf7+ Kxf7 39.Qe6+ Kf8 40.Rf6+  1-0

[Event "Tatry op"]
[Site "Tatranska Lomnica"]
[Date "1999.10.09"]
[Round "8"]
[White "Gdovin, Jan"]
[Black "Petran, Peter"]
[Result "0-1"]
[WhiteElo "2201"]
[BlackElo "2407"]

1.e4 g6 2.d4 Bg7 3.Nc3 d6 4.Be3 c6 5.Qd2 b5 6.O-O-O Nd7 7.Kb1 Nb6 8.d5 b4
9.Nce2 Nc4 10.Qxb4 Nxb2 11.Bd4 c5 12.Qxb2 cxd4 13.Nxd4 Bd7 14.Nc6 Bxb2 15.Nxd8 Rb8
16.Nc6 Bxc6 17.dxc6 Bg7+  0-1

[Event "Asia-chT"]
[Site "Shenyang"]
[Date "1999.10.10"]
[Round "1"]
[White "Kazhgaleyev, Murtas"]
[Black "Ganbold, Odondoo"]
[Result "1-0"]
[WhiteElo "2531"]
[BlackElo "2334"]

1.d4 d6 2.e4 g6 3.Nc3 Bg7 4.g3 Nc6 5.d5 Ne5 6.Bg2 Nf6 7.h3 O-O 8.Nge2 c6
9.O-O cxd5 10.exd5 a6 11.a4 Qc7 12.b3 Ned7 13.Be3 Nc5 14.Qd2 Re8 15.g4 a5
16.Rad1 Bd7 17.Bd4 Rec8 18.Rfe1 Qd8 19.Ng3 Rc7 20.Qe3 Bf8 21.Qf4 Bg7 22.Qe3 Bf8
23.Rd2 Rac8 24.g5 Ne8 25.h4 Rb8 26.Nce4 b6 27.h5 Bg7 28.hxg6 hxg6 29.Bxg7 Kxg7
30.Nxc5 bxc5 31.Qxe7 Qxe7 32.Rxe7 Kf8 33.Re3 c4 34.Bf1 cxb3 35.cxb3 Rb4 36.Ne2 Rc5
37.Ng3 Rg4 38.Bh3 Rxg5 39.Bxd7 Nf6 40.Bc6 Nh5 41.Kg2 Rc1 42.Kf3 Nxg3 43.fxg3 Rg1
44.Kf2 Rh1 45.Rd4 Rh2+ 46.Kf3 Rb2 47.g4 Kg7 48.Kf4 Kf6 49.Rde4 Rf2+ 50.Kg3 Rb2
51.Rf3+ Kg7 52.Re7 Kh6  1-0

[Event "Asia-chT"]
[Site "Shenyang"]
[Date "1999.10.10"]
[Round "1"]
[White "Ssegirinya, Joseph Mary M"]
[Black "Ong Chong Ghee"]
[Result "0-1"]
[WhiteElo "2035"]
[BlackElo "2347"]

1.e4 g6 2.d4 d6 3.Nc3 Bg7 4.Bc4 Nf6 5.f3 c6 6.a4 O-O 7.Nge2 d5 8.Bb3 dxe4
9.Nxe4 Nxe4 10.fxe4 c5 11.c3 cxd4 12.cxd4 Bg4 13.d5 Qb6 14.a5 Qb4+ 15.Bd2 Qxe4
16.Ra4 Qxg2 17.Rg1 Qxg1+  0-1

[Event "Asia-chT"]
[Site "Shenyang"]
[Date "1999.10.11"]
[Round "2"]
[White "Zhang Zhong"]
[Black "Ong Chong Ghee"]
[Result "1-0"]
[WhiteElo "2541"]
[BlackElo "2347"]

1.e4 g6 2.d4 Bg7 3.Nc3 d6 4.Be3 a6 5.Nf3 b5 6.Bd3 Bb7 7.a4 c6 8.e5 d5 9.h4 e6
10.h5 Nd7 11.Qd2 gxh5 12.Rxh5 Qa5 13.Rxh7 Rxh7 14.Bxh7 Ne7 15.Ne4 Qxd2+ 16.Nexd2 c5
17.c3 bxa4 18.Rxa4 Bc6 19.Ra2 Bb5 20.b3 Nc6 21.c4 Nb4 22.Ra5 dxc4 23.bxc4 Bc6
24.Ne4 cxd4 25.Bxd4 Nc2+ 26.Kd2 Nxd4 27.Nxd4 Nxe5 28.Rxe5 Bxe5 29.Nxc6 Bf4+
30.Kc2 f5 31.g3 Bh6 32.Bg6+ Kd7 33.Ne5+ Ke7 34.Nc5 Bg7 35.Ned3 Bd4 36.Nb3 Bb6
37.c5 Bc7 38.Bh5 a5 39.Bf3 Rb8 40.Nd4 Kf6 41.Bc6 e5 42.Nb5 e4 43.Nb2 Be5
44.Nc4 Rc8 45.Nxa5 Ke6 46.Kd2 Ke7 47.Ke3 Ke6 48.Nb3 Rd8 49.N3d4+ Bxd4+ 50.Nxd4+ Ke5
51.f4+ exf3 52.Nxf3+ Kf6 53.Bb7 Rg8 54.c6 Rxg3 55.c7 Rg8 56.c8=Q Rxc8 57.Bxc8 Ke7
58.Kf4 Kf6 59.Nh4 Kf7 60.Ba6  1-0

[Event "EU-ch U20 Girls"]
[Site "Patras"]
[Date "1999.10.14"]
[Round "9"]
[White "Henriques, Sofia"]
[Black "Gurbanova, Kemala"]
[Result "1-0"]
[WhiteElo "2018"]
[BlackElo "2078"]

1.e4 d6 2.d4 g6 3.Nc3 Bg7 4.Be3 Nf6 5.f3 Nbd7 6.Qd2 O-O 7.O-O-O c6 8.h4 b5
9.Bh6 Qa5 10.Kb1 b4 11.Nce2 Rb8 12.h5 Rb6 13.Bxg7 Kxg7 14.hxg6 fxg6 15.Qh6+ Kf7
16.Nh3 Ke8 17.Ng5 Ra6 18.Nc1 Ng8 19.Qh4 h6 20.Ne6 Rf6 21.Bxa6 Bxa6 22.Nb3 Qb6
23.d5 c5 24.f4 Bb5 25.g4 Rf7 26.g5 h5 27.f5 gxf5 28.Qxh5 Ne5 29.Qh8 a5 30.Qxg8+ Kd7
31.Rh8  1-0

[Event "Wichern op 5th"]
[Site "Hamburg"]
[Date "1999.10.15"]
[Round "1"]
[White "Mattheus, Ingomar"]
[Black "Hoi, Carsten"]
[Result "0-1"]
[WhiteElo "1967"]
[BlackElo "2394"]

1.e4 g6 2.d4 Bg7 3.Nc3 d6 4.Nf3 Nf6 5.Be2 O-O 6.O-O Bg4 7.Be3 Nc6 8.Ng5 Bxe2
9.Qxe2 e5 10.dxe5 Nxe5 11.h3 Qe7 12.f4 Nc6 13.Nd5 Nxd5 14.exd5 Nd4 15.Qf2 Nxc2
16.Qxc2 Qxe3+ 17.Kh1 Qc5 18.Qd2 Qd4 19.Qxd4 Bxd4 20.Rac1 Bb6 21.Ne4 Kg7 22.Nc3 Rfe8
23.Rc2 Re7 24.f5 f6 25.fxg6 hxg6 26.Na4 Be3 27.Nc3 a6 28.Nd1 Bb6 29.Nf2 Rae8
30.Nd3 g5 31.Kh2 Re2 32.Rfc1 R8e3 33.Rxe2 Rxe2 34.Rd1 f5 35.Kh1 Kf6 36.a3 Re4  0-1

[Event "AUT2W-chT"]
[Site "Hohenems"]
[Date "1999.10.15"]
[Round "1.3"]
[White "Lutzenberger, Raimund"]
[Black "Rotfuss, Oliver"]
[Result "1/2-1/2"]
[WhiteElo "2255"]
[BlackElo "2186"]

1.e4 g6 2.d4 Bg7 3.Nc3 d6 4.f4 c6 5.Nf3 Bg4 6.Be3 Nd7 7.Bc4 d5 8.Bb3 e6 9.h3 Bxf3
10.Qxf3 Ne7 11.g4 dxe4 12.Nxe4 Nf6 13.O-O-O Nxe4 14.Qxe4 Qd7 15.Rhe1 O-O-O
16.Bf2 Kb8 17.c4 h5 18.Qe3 Nc8 19.d5 exd5 20.cxd5 Rhe8 21.Qc5 Rxe1 22.Bxe1 Bf8
23.Qc3 c5 24.gxh5 gxh5 25.Bh4  1/2-1/2

[Event "VAM Hoogeveen op"]
[Site "Hoogeveen"]
[Date "1999.10.15"]
[Round "1"]
[White "Smeets, Jan"]
[Black "Berelovich, Aleksandar"]
[Result "1/2-1/2"]
[WhiteElo "2193"]
[BlackElo "2468"]

1.e4 g6 2.d4 Bg7 3.Nc3 d6 4.f4 a6 5.Nf3 b5 6.a4 b4 7.Nd5 Nf6 8.Nxf6+ exf6
9.Bd3 O-O 10.O-O Nd7 11.c4 bxc3 12.bxc3 a5 13.Be3 Re8 14.Bf2 Ba6 15.c4 c5
16.d5 f5 17.exf5 Bxa1 18.Qxa1 Qf6 19.Qc1 Rab8 20.Be1 Qb2 21.Bxa5 Qxc1 22.Rxc1 Rb3
23.Bf1 Nf6 24.fxg6 hxg6 25.Bc7 Ne4 26.Ng5 Nd2 27.Bxd6 Nxf1 28.Kxf1 Rb4 29.Bxc5 Rxc4
30.Rxc4 Bxc4+ 31.Kf2 Bxd5 32.Bb6 f6 33.Nf3 Re4 34.f5 Rxa4 35.fxg6 Kg7 36.Be3 Kxg6
37.Nd2 Kf5 38.h3 Ke5 39.g3 Ra8 40.Ke2 Rh8 41.h4 Kf5 42.Bf4 Bf7 43.Kf3 Bh5+
44.Ke3 Re8+ 45.Kd4 Be2 46.Bc7 Ba6 47.Bf4 Re7 48.Bh6 Bb5 49.Bf4 Be8 50.Nc4 Kg4
51.Ne3+ Kf3 52.Nd5 Re6 53.Nc7 Re4+ 54.Kd5 Bf7+ 55.Kd6 Kg4 56.Kc5 Kf5 57.Nd5 Re8
58.g4+ Kg6 59.Bd6 Re4 60.Nf4+ Kh6 61.Kc6 Re1 62.Bf8+ Kh7 63.g5 Kg8 64.Bd6 Kg7
65.gxf6+ Kxf6 66.Kc5 Rd1 67.h5 Kf5 68.Kc6 Be8+ 69.Kc7 Ba4 70.Ne2 Rd2 71.Ng3+ Ke6
72.Ne4 Rc2+ 73.Nc5+ Kf6 74.h6 Kg6 75.Bf8 Bb5 76.Kd6 Rh2 77.Bg7 Kf7 78.Nb3 Rh5
79.Nd4 Bc4 80.Nf3 Rd5+ 81.Kc6 Bb3 82.Ne5+ Kg8 83.Kc7 Bc2 84.Kc6 Be4 85.Kc7 Rc5+
86.Kd6 Rc8 87.Kd7  1/2-1/2

[Event "BL9900 (Women)"]
[Site "Germany"]
[Date "1999.10.16"]
[Round "1.2"]
[White "Werner, Veronika"]
[Black "Kunze, Kerstin"]
[Result "1/2-1/2"]
[WhiteElo "2236"]
[BlackElo "2143"]

1.e4 g6 2.d4 Bg7 3.Nc3 d6 4.Nf3 Nf6 5.h3 O-O 6.Be3 b6 7.Be2 Bb7 8.e5 dxe5
9.dxe5 Nd5 10.Nxd5 Qxd5 11.Qxd5 Bxd5 12.Rd1 e6 13.c4 Bb7 14.Bf4 Nc6 15.Rd7 Rac8
16.O-O Rfd8 17.Rfd1 h6 18.Kf1 Kf8 19.Rxd8+ Rxd8 20.Rxd8+ Nxd8 21.Nd4 a6 22.b4 g5
23.Bg3  1/2-1/2

[Event "Wichern op 5th"]
[Site "Hamburg"]
[Date "1999.10.16"]
[Round "2"]
[White "Simacek, Pavel"]
[Black "Schulz, Wolfgang"]
[Result "1-0"]
[WhiteElo "2346"]
[BlackElo "2120"]

1.e4 g6 2.d4 Bg7 3.Nc3 d6 4.Be3 a6 5.Nf3 b5 6.a4 b4 7.Nd5 a5 8.c3 e6 9.Nf4 bxc3
10.bxc3 Nf6 11.Bd3 Ng4 12.Bd2 e5 13.Ne2 exd4 14.cxd4 Ba6 15.Bc3 O-O 16.O-O Nc6
17.Rb1 Nb4 18.Bxa6 Rxa6 19.Bxb4 axb4 20.Rxb4 c5 21.Rc4 cxd4 22.Nexd4 Re8
23.Nc6 Qf6 24.h3 Qe6 25.Qd3 Nf6 26.Re1 Nd7 27.a5 Rea8 28.Qd5 Nf6 29.Qb5 Ne8
30.Rec1 Bf6 31.Qb7 Kg7 32.Nfd4 Qxe4 33.Qd7 d5 34.Rb4 Bxd4 35.Rxd4 Nf6 36.Qb7 Qe6
37.Rdd1 Ne4 38.Qb5 Qf6 39.Qxd5 Qxf2+ 40.Kh1 Ng3+ 41.Kh2 Qf4 42.Qf3 Qxf3 43.gxf3 Nf5
44.Rc5 Kf6 45.Rb1 Ke6 46.Rbb5 f6 47.Nb4 Nd6 48.Nxa6 Nxb5 49.Rc6+ Ke5 50.Kg3 g5
51.Kg4 Na7 52.Rc7 Kd6 53.Rf7 Ke6 54.Rxh7 Nb5 55.Nc5+ Kd5 56.Ne4 Rxa5 57.Nxf6+ Ke6
58.Ne4 Nd4 59.Nxg5+ Kf6 60.h4 Ra4 61.f4  1-0

[Event "Wichern op 5th"]
[Site "Hamburg"]
[Date "1999.10.17"]
[Round "4"]
[White "Thalwitzer, David"]
[Black "Gurieli, Nino"]
[Result "1/2-1/2"]
[WhiteElo "2136"]
[BlackElo "2351"]

1.e4 g6 2.Nc3 Bg7 3.d4 d6 4.f4 Nf6 5.Nf3 O-O 6.Be3 b6 7.Bd3 Na6 8.f5 Nb4
9.fxg6 Nxd3+ 10.Qxd3 hxg6 11.O-O-O Bb7 12.h4 c5 13.d5 Qc8 14.Rdg1 Ba6 15.Qd1 Qg4
16.Nd2 b5 17.Bg5 b4 18.Bxf6 Qxd1+ 19.Nxd1 Bxf6 20.Ne3 Kg7 21.Nf3 Rh8 22.Ng4 Bd4
23.Re1 Bc8 24.Nxd4 Bxg4 25.Nc6 e6 26.dxe6 fxe6 27.Re3 Rac8 28.Na5 d5 29.exd5 exd5
30.Re5 Rh5 31.Rhe1 c4 32.Rxh5 gxh5 33.Rf1 Kg6 34.Rf2 c3 35.bxc3 bxc3 36.a3 Re8
37.Kb1 Re1+ 38.Ka2 d4 39.Kb3 Be6+ 40.Kb4 Rd1 41.Nc4 Bxc4 42.Kxc4 Rd2 43.Rf8 Kg7
44.Ra8  1/2-1/2

[Event "Wichern op 5th"]
[Site "Hamburg"]
[Date "1999.10.17"]
[Round "4"]
[White "Simacek, Pavel"]
[Black "Schiffer, Steve"]
[Result "1-0"]
[WhiteElo "2346"]
[BlackElo "2133"]

1.e4 g6 2.d4 Bg7 3.Nc3 d6 4.Be3 c6 5.f4 Qc7 6.Nf3 a6 7.a4 b6 8.Bc4 Nh6 9.O-O f5
10.Ng5 fxe4 11.Ne6 Bxe6 12.Bxe6 Nf5 13.Bxf5 gxf5 14.Qh5+ Kd8 15.Qxf5 Nd7
16.Nxe4 Kc8 17.Ng5 Qd8 18.Qe4 d5 19.Qe6 Qc7 20.c4 dxc4 21.Qxc4 Bf6 22.d5 c5
23.Ne6 Qd6 24.Rab1 a5 25.b4 axb4 26.Rxb4 Nf8 27.Rfb1 Nd7 28.Rb5 h5 29.a5 Rxa5
30.Rxa5 bxa5 31.Qb5  1-0

[Event "Wichern op 5th"]
[Site "Hamburg"]
[Date "1999.10.18"]
[Round "5"]
[White "Hansen, Andreas"]
[Black "Hoi, Carsten"]
[Result "0-1"]
[WhiteElo "1996"]
[BlackElo "2394"]

1.e4 g6 2.d4 Bg7 3.Nc3 d6 4.Be3 c6 5.Nf3 b5 6.Bd3 Nd7 7.Qd2 Nb6 8.b3 Bg4
9.Rc1 Bxf3 10.gxf3 Nf6 11.Ne2 O-O 12.Bh6 e5 13.Bxg7 Kxg7 14.dxe5 dxe5 15.h4 Nh5
16.f4 Nd7 17.f5 Qe7 18.Qg5 Qxg5 19.hxg5 f6 20.gxf6+ Rxf6 21.Rxh5 gxh5 22.f4 Kf7
23.Kf2 Rg8 24.Rh1 Rh6 25.fxe5 Nxe5 26.Nf4 h4 27.Rh3 Rg4 28.Ng2 Kf6 29.Ne1 a6
30.Nf3 Rf4 31.Be2 Rxe4 32.Nxe5 Kxe5 33.Bd3 Rf4+ 34.Ke3 Rg4 35.Kf3 Rg3+ 36.Rxg3 hxg3
37.Kxg3 Rd6 38.Kg4 h6 39.Kf3 Rxd3+ 40.cxd3 Kxf5 41.Ke3 Ke5  0-1

[Event "VAM Hoogeveen op"]
[Site "Hoogeveen"]
[Date "1999.10.18"]
[Round "4"]
[White "Plasman, Hans"]
[Black "Klinova, Masha"]
[Result "1/2-1/2"]
[WhiteElo "2152"]
[BlackElo "2359"]

1.e4 d6 2.d4 g6 3.Nc3 Bg7 4.f4 b6 5.Nf3 Bb7 6.Bc4 e6 7.f5 exf5 8.exf5 d5
9.Bb5+ c6 10.Bd3 Ne7 11.O-O O-O 12.Bg5 Nd7 13.Qe2 f6 14.Bf4 Rf7 15.Rae1 Nf8
16.g4 Bc8 17.Kh1 gxf5 18.g5 Neg6 19.Bd2 f4 20.Qg2 a5 21.h4 fxg5 22.h5 g4
23.hxg6 hxg6 24.Ne5 Bxe5 25.Rxe5 g3 26.Rxf4 Rxf4 27.Bxf4 Qh4+ 28.Kg1 Qxf4
29.Ne2 Qf2+ 30.Qxf2 gxf2+ 31.Kxf2 Ra7 32.Re8 Rf7+ 33.Kg3 Bd7 34.Rb8 b5 35.Ra8 a4
36.b3 axb3 37.cxb3 Kg7 38.a4 bxa4 39.bxa4 Ne6 40.a5 c5 41.Ra6 g5 42.Rd6 c4
43.Bc2 Nf4 44.Nxf4 gxf4+ 45.Kf2 Bc8 46.Rxd5 Rb7 47.Rc5 Be6 48.Be4 Rb4 49.d5 c3
50.Kf3 Bf7 51.Rxc3 Ra4 52.d6 Kf6 53.Bc6 Bh5+ 54.Kg2 Rxa5 55.d7 Ra2+ 56.Kh3 Rd2
57.Rc5 Bf7 58.Kg4 Be6+ 59.Kxf4  1/2-1/2

[Event "Wichern op 5th"]
[Site "Hamburg"]
[Date "1999.10.21"]
[Round "8"]
[White "Bokelbrink, Uwe"]
[Black "Sturua, Zurab"]
[Result "1/2-1/2"]
[WhiteElo "2309"]
[BlackElo "2602"]

1.e4 g6 2.d4 Bg7 3.Nc3 d6 4.Be3 a6 5.a4 Nc6 6.h3 Nf6 7.Nf3 O-O 8.Be2 e6 9.O-O b6
10.Re1 Bb7 11.Bf1 Ne7 12.Bg5 h6 13.Bh4 g5 14.Bg3 Ng6 15.e5 Nh5 16.Bh2 Nhf4
17.Ne4 dxe5 18.Nxe5 Nxe5 19.Bxf4 Ng6 20.Bh2 Qe7 21.c3 Rad8 22.Qc2 a5 23.Ng3 Qd7
24.Nh5 Bh8 25.Re3 Bd5 26.Rae1 Rfe8 27.f4 Nh4 28.fxg5 hxg5 29.Re5 f6 30.R5e3 Qf7
31.Ng3 f5 32.R3e2 c5 33.dxc5 bxc5 34.Rf2 Qg6 35.Be2 Rf8 36.Nf1 Be4 37.Qb3 f4
38.Bg4 Bd5 39.Qb6 Nf5 40.Qxc5 e5 41.Rd2 Bf7 42.Rxd8 Rxd8 43.Qxa5 Re8 44.Bf3 Nd6
45.Bc6 Rf8 46.Qb4 Rc8 47.Bd7 Rd8 48.Bc6 Rc8 49.Bf3 Rc4 50.Qb8+ Rc8 51.Qb6 e4
52.Bg4 Ra8 53.Qc6 Ra7 54.Kh1 Be8 55.Qc5 Rxa4 56.Ne3 Bg7 57.b3 Ra2 58.Nd5 Kh8
59.Nc7 Bf7 60.Ne6 Bxe6 61.Qxd6 Bf5 62.Qd8+ Kh7 63.Bxf5 Qxf5 64.Qe8 e3 65.Qh5+ Kg8
66.Qe8+ Bf8 67.Qc6 Qf7 68.b4 Ra7 69.Qb5 Qf6 70.Qd5+ Rf7 71.b5 Qxc3 72.Qxg5+ Bg7
73.Qd8+ Kh7 74.Qd1 Qb4 75.Qd3+ Kg8 76.Re2 Qd4 77.Qb3 Qe4 78.b6 f3 79.b7 fxe2
80.b8=Q+ Kh7 81.Qxf7 e1=Q+ 82.Bg1 Qa1 83.Qh5+ Bh6 84.Qc7+ Qg7 85.Qxg7+ Kxg7
86.Qe2 Kf6 87.Qa6+ Kg7 88.Qe2 Kg6 89.Qa6+  1/2-1/2

[Event "Wch U16"]
[Site "Oropesa del Mar"]
[Date "1999.10.26"]
[Round "3"]
[White "Schneider, D."]
[Black "Stehno, Pavel"]
[Result "1/2-1/2"]
[WhiteElo "2358"]
[BlackElo "2182"]

1.e4 d6 2.d4 g6 3.Nc3 Bg7 4.Nf3 Nf6 5.Be2 O-O 6.O-O c6 7.a4 a5 8.h3 Na6 9.Bg5 Nc7
10.Re1 Ne6 11.Be3 Rb8 12.Bd3 d5 13.e5 Nd7 14.Ne2 f6 15.exf6 exf6 16.Nf4 Nc7
17.c3 Re8 18.Qc2 Nf8 19.Bd2 Nce6 20.Ne2 Qd6 21.Rad1 Bd7 22.h4 b6 23.h5 g5
24.Ng3 Nf4 25.Bf5 Be6 26.Bxe6+ N8xe6 27.Nf5 Qc7 28.h6 Bf8 29.g3 Ng6 30.Re2 Qf7
31.Rde1 Nc7 32.Nh2 Rxe2 33.Rxe2 Re8 34.Qd3 Qd7 35.Ng4 Kf7 36.Rxe8 Nxe8 37.Qf3 Kg8
38.b3 Ne7 39.Nfe3  1/2-1/2

[Event "Wch U18"]
[Site "Oropesa del Mar"]
[Date "1999.10.26"]
[Round "3"]
[White "Berg, Emanuel"]
[Black "Nill, Oliver"]
[Result "1-0"]
[WhiteElo "2348"]
[BlackElo "2212"]

1.e4 g6 2.d4 Bg7 3.Nc3 d6 4.Be3 a6 5.Qd2 b5 6.h4 h5 7.Nh3 Nf6 8.f3 Nbd7 9.Ng5 Bb7
10.O-O-O e6 11.Kb1 Qe7 12.Qf2 O-O 13.Ne2 e5 14.d5 c6 15.dxc6 Bxc6 16.g4 hxg4
17.h5 gxf3 18.Qxf3 Nxh5 19.Rxh5 gxh5 20.Qxh5 Rfd8 21.Bh3 Nf6 22.Qh4 Bd7 23.Rg1 Ne8
24.Qh7+  1-0

[Event "Wch U18"]
[Site "Oropesa del Mar"]
[Date "1999.10.26"]
[Round "3"]
[White "Saric, Ibro"]
[Black "Postny, E."]
[Result "0-1"]
[WhiteElo "2270"]
[BlackElo "2400"]

1.e4 g6 2.d4 Bg7 3.Nc3 d6 4.Be3 Nf6 5.f3 c6 6.Qd2 b5 7.g4 h5 8.g5 Nfd7 9.f4 b4
10.Nce2 c5 11.Bg2 Bb7 12.Nh3 Nb6 13.b3 N8d7 14.Rd1 Qc7 15.O-O a5 16.f5 gxf5
17.g6 O-O-O 18.Ng5 cxd4 19.Nxd4 f4 20.Bf2 Bxd4 21.Bxd4 e5 22.Nxf7 Rhg8 23.Nxd8 Qxd8
24.Bxb6 Qxb6+ 25.Qf2 Rxg6 26.Qxb6 Nxb6 27.Kf2 Rxg2+ 28.Kxg2 Bxe4+ 29.Kf2 Kc7
30.Rg1 Nd5 31.Rde1 Bf5 32.Rg5 Bg4 33.Re4 Nc3 34.Rc4+ Kd7 35.h3 Bd1 36.Ke1 Bxc2
37.Rxh5 Bd3 38.Rg5 Bxc4 39.bxc4 Nxa2 40.h4 b3 41.Kd2 e4 42.h5 e3+ 43.Kd3 Nc1+
44.Kc3 e2  0-1

[Event "Wch U16"]
[Site "Oropesa del Mar"]
[Date "1999.10.26"]
[Round "3"]
[White "Rainfray, Arnaud"]
[Black "Acher, Mathieu"]
[Result "1-0"]
[WhiteElo "2422"]
[BlackElo "2219"]

1.e4 g6 2.d4 Bg7 3.Nc3 d6 4.Nf3 c6 5.Be3 Nd7 6.Qd2 b5 7.Bd3 Qc7 8.a3 Ngf6
9.Bh6 O-O 10.h4 Bxh6 11.Qxh6 e5 12.dxe5 Nxe5 13.Nxe5 dxe5 14.h5 Qe7 15.f3 Be6
16.g4 b4 17.axb4 Qxb4 18.hxg6 fxg6 19.g5 Qxb2 20.gxf6 Qxc3+ 21.Ke2 Rf7 22.Rag1 Bc4
23.Rxg6+ Kh8 24.Rg7 Bxd3+ 25.cxd3 Qc2+ 26.Ke1  1-0

[Event "Wch U16 Girls"]
[Site "Oropesa del Mar"]
[Date "1999.11.01"]
[Round "8"]
[White "Shukurova, Meihriban"]
[Black "Papp, Ju"]
[Result "1-0"]
[WhiteElo "2204"]
[BlackElo "2130"]

1.e4 g6 2.d4 Bg7 3.Nc3 d6 4.f4 Nd7 5.Nf3 c5 6.Bc4 h6 7.O-O cxd4 8.Nxd4 a6
9.f5 g5 10.Bxf7+ Kxf7 11.Qh5+ Kf6 12.Qg6+ Ke5 13.Nf3+  1-0

[Event "Chigorin mem"]
[Site "St Petersburg"]
[Date "1999.11.06"]
[Round "5"]
[White "Ovetchkin, Roman"]
[Black "Nouro, Mikael"]
[Result "1-0"]
[WhiteElo "2505"]
[BlackElo "2344"]

1.e4 g6 2.d4 Bg7 3.Nc3 d6 4.g3 Nf6 5.Bg2 O-O 6.Nge2 e5 7.O-O Nc6 8.dxe5 dxe5
9.Bg5 Be6 10.Nd5 Nb8 11.f4 Bxd5 12.fxe5 Bc4 13.exf6 Qxd1 14.Rfxd1 Bxf6 15.Bxf6 Bxe2
16.Rd2 Bb5 17.e5 Bc6 18.Bh3 Na6 19.e6 Nc5 20.e7 Rfe8 21.Re1 Ne4 22.Rxe4 Bxe4
23.Bd7 h6 24.h4 Kh7 25.Bxe8 Rxe8 26.Rd8 Bc6 27.g4 g5 28.h5 Kg8 29.Kf2  1-0

[Event "Chigorin mem"]
[Site "St Petersburg"]
[Date "1999.11.07"]
[Round "6"]
[White "Vorobiov, Evgeny E"]
[Black "Eliseev, Alexey"]
[Result "1-0"]
[WhiteElo "2459"]
[BlackElo "2327"]

1.e4 d6 2.d4 g6 3.Nc3 Bg7 4.Be3 a6 5.Qd2 Nd7 6.Nf3 e6 7.h4 h6 8.O-O-O Ne7
9.Kb1 b5 10.Ne2 Bb7 11.Ng3 Nf6 12.Bd3 Ng4 13.Nh2 Nxh2 14.Rxh2 Qd7 15.f4 d5
16.h5 O-O-O 17.hxg6 fxg6 18.e5 h5 19.Rdh1 Rhg8 20.Bf2 Rdf8 21.Ne2 Nf5 22.Nc1 Rf7
23.Nb3 Bf8 24.a3 Kb8 25.Rh3 Qe8 26.Be2 Be7 27.Be1 Qf8 28.Qa5 Bd8 29.Qd2 Bc8
30.Qd1 Be7 31.Ba5 c5 32.dxc5 Bxc5 33.Qd2 Ba7 34.Bb4 Qd8 35.Bd3 Nh6 36.Bc5 Bxc5
37.Nxc5 Qf8 38.Qe3 Ng4 39.Qg1 Rc7 40.Nxe6 Bxe6 41.Qb6+ Rb7 42.Qxe6 Nf2 43.Qxd5 Rgg7
44.e6 Nxh1 45.Qe5+ Rbc7 46.Rxh1 Qc5 47.Qe2 Rce7 48.Qe4 Rg8 49.Re1 Qd6 50.Re2 h4
51.a4 bxa4 52.Qxa4 Ka7 53.Re5 Rb8 54.Bc4 Rb4 55.Qa3 Kb8 56.Bb3 Kb7 57.Re4 Rb6
58.Qa4 Qc5 59.Rd4 Rd6 60.Rb4+ Ka7 61.Ka2 Qg1 62.c3 Qxg2 63.Qa5 Qc6 64.Qg5 Rdxe6
65.Bxe6 Qxe6+ 66.c4 Qd6 67.Qg1+ Ka8 68.Rb6 Qd3 69.Rxa6+ Kb8 70.Qc5 Qe4 71.Rb6+ Rb7
72.Qd6+ Ka8 73.Ra6+ Ra7 74.Qd8+ Kb7 75.Qb6+ Kc8 76.Rxa7  1-0

[Event "FSIM November"]
[Site "Budapest HUN"]
[Date "1999.11.09"]
[Round "4"]
[White "Toth,An"]
[Black "Khechumyan,G"]
[Result "0-1"]
[WhiteElo "2297"]
[BlackElo "2332"]

1.e4 d6 2.d4 g6 3.Nc3 Bg7 4.f4 Nf6 5.Nf3 O-O 6.Bd3 Nc6 7.O-O Bg4 8.Be3 e5
9.dxe5 dxe5 10.h3 exf4 11.Bxf4 Nh5 12.Be3 Bd4 13.Bxd4 Bxf3 14.Qxf3 Qxd4+
15.Qf2 Qxf2+ 16.Rxf2 Ne5 17.Nd5 c6 18.Ne3 Rad8 19.Be2 Ng3 20.Bf3 Rd4 21.c3 Rd3
22.Re1 h5 23.h4 Rfd8 24.a4 a5 25.Rc2 Rd2 26.Rxd2 Rxd2 27.Rb1 Kg7 28.b4 Nxf3+
29.gxf3 Ne2+ 30.Kf1 Nxc3 31.Rb3 Rd3 32.Nc4 axb4 33.Rxb4 Rxf3+ 34.Kg2 Rf4
35.Rxb7 Nxa4 36.Nd6 Nc5 37.Re7 Ne6 38.Nxf7 Kf6 39.Ra7 Rxe4  0-1

[Event "Chigorin mem"]
[Site "St Petersburg"]
[Date "1999.11.10"]
[Round "9"]
[White "Solovjov, Sergey"]
[Black "Nouro, Mikael"]
[Result "1-0"]
[WhiteElo "2467"]
[BlackElo "2344"]

1.e4 g6 2.d4 Bg7 3.Nc3 d6 4.g3 Nc6 5.Nge2 Bg4 6.Be3 Bf3 7.Rg1 e5 8.Qd2 Nf6
9.d5 Ne7 10.Qd3 Qd7 11.h3 c6 12.Bg5 Bxe2 13.Bxe2 O-O 14.O-O-O Rad8 15.f4 cxd5
16.fxe5 Nxe4 17.Nxe4 dxe4 18.Qxd6 Qxd6 19.exd6 Nf5 20.Bxd8 Rxd8 21.g4 Nd4
22.Bc4 b5 23.Bf1 Rxd6 24.c3 Rc6 25.Kb1 Nf3 26.Rg2 a6 27.Be2 Ng5 28.h4 Ne6
29.Rf2 Rc7 30.Rd6 Re7 31.Rd5 Rc7 32.g5 Bf8 33.Bg4 Nc5 34.Re2 b4 35.c4 Kg7
36.h5 gxh5 37.Bxh5 Be7 38.Rf5 Bd8 39.Ref2 e3 40.Rxf7+ Rxf7 41.Rxf7+ Kg8 42.Rf5 Ne4
43.Re5  1-0

[Event "Chigorin mem"]
[Site "St Petersburg"]
[Date "1999.11.10"]
[Round "9"]
[White "Berelovich, Aleksandar"]
[Black "Rashkovsky, Nukhim N"]
[Result "1-0"]
[WhiteElo "2468"]
[BlackElo "2513"]

1.e4 g6 2.d4 Bg7 3.Nc3 d6 4.f4 a6 5.Nf3 b5 6.a3 Bb7 7.Be2 Nd7 8.O-O c5 9.d5 b4
10.axb4 cxb4 11.Na4 Ngf6 12.Bd3 O-O 13.Kh1 Nb6 14.Nxb6 Qxb6 15.Qe1 a5 16.Qh4 Ba6
17.f5 Bxd3 18.cxd3 a4 19.Bh6 a3 20.bxa3 Rxa3 21.Rae1 Rfa8 22.fxg6 hxg6 23.e5 dxe5
24.Nxe5 R3a7 25.Be3 Qd6 26.Bxa7 Rxa7 27.Qc4 Rc7 28.Qb5 Rc5 29.Qxb4 Rxd5 30.Qxd6 exd6
31.Nc4 Rxd3 32.Rd1 Rxd1 33.Rxd1 Ne4 34.Kg1 Bf8 35.g4 Kg7 36.Kg2 Kf6 37.Kf3 Ng5+
38.Kf4 Ne6+ 39.Kg3 Ke7 40.Nxd6 Bg7 41.Nc4 f5 42.gxf5 gxf5 43.Rd5 Kf6 44.Nd6 Nc7
45.Rc5 Bf8 46.Rxf5+  1-0

[Event "Chigorin mem"]
[Site "St Petersburg"]
[Date "1999.11.10"]
[Round "9"]
[White "Sorokin, Maxim"]
[Black "Shchekachev, Andrei"]
[Result "1-0"]
[WhiteElo "2574"]
[BlackElo "2505"]

1.d4 g6 2.e4 Bg7 3.Nc3 d6 4.Bg5 Nd7 5.Nf3 h6 6.Be3 a6 7.a4 b6 8.Bd3 e6 9.O-O Ne7
10.Qd2 Bb7 11.Rad1 Qc8 12.Rfe1 Nf6 13.h3 d5 14.Bf4 c5 15.dxc5 bxc5 16.exd5 Nexd5
17.Bd6 c4 18.Bf1 Qc6 19.Nxd5 Nxd5 20.Be5 O-O 21.Bxg7 Kxg7 22.Qd4+ Kh7 23.Qxc4 Rfc8
24.Ne5 Qb6 25.Qh4 Rc7 26.c4 g5 27.Qe4+ f5 28.Qd4 Qxd4 29.Rxd4 Nb4 30.Rd6 Re8
31.Nd3 Nc6 32.b4 Nd8 33.Nc5 a5 34.Red1 Nf7 35.Rd7  1-0

[Event "SLO-chT"]
[Site "Bled"]
[Date "1999.11.12"]
[Round "5"]
[White "Grosar, Kiti"]
[Black "Skoberne, Renato"]
[Result "0-1"]
[WhiteElo "2234"]
[BlackElo "2071"]

1.e4 d6 2.d4 g6 3.Nc3 Bg7 4.Be3 c6 5.Qd2 Qa5 6.f3 b5 7.Nge2 a6 8.g4 h5 9.gxh5 Rxh5
10.Ng3 Rh8 11.h4 Nd7 12.h5 b4 13.Nce2 gxh5 14.Nf5 Bf6 15.Nf4 h4 16.Qg2 Nb6
17.Ng7+ Kf8 18.Ngh5 b3+ 19.Bd2 Qxa2 20.Rc1 bxc2 21.Bc3 Na4 22.Rxc2 Nxc3 23.bxc3 Qa5
24.Nxf6 Nxf6 25.Nd3 Rg8 26.Qf2 Qg5 27.Rxh4 a5 28.c4 a4 29.e5 Ne8 30.Ra2 Be6
31.Nf4 dxe5 32.Nxe6+ fxe6 33.f4 exf4 34.Qxf4+ Qxf4 35.Rxf4+ Nf6 36.Bh3 Rg3
37.Bxe6 Re3+ 38.Re2 a3 39.Rh4 Rxe6 40.Rxe6 a2 41.Rxf6+ Kg7  0-1